| 000 | 00396 a2200169 4500 | ||
|---|---|---|---|
| 001 | 72373 | ||
| 020 | _a8526204769 | ||
| 040 | _cAnchieta - Colégio São Paulo | ||
| 100 | _aMachado, Ana Maria | ||
| 240 | 1 | 0 |
_aSonho de uma noite de verão _lpor |
| 245 | 1 | 0 | _aSonho de uma noite de verão |
| 300 | _a94 | ||
| 362 | 0 | _a1987 | |
| 440 | 1 | _aScipione | |
| 650 | 4 | _aLiteratura juvenil | |
| 942 | _cBK | ||
| 999 |
_c72373 _d72373 |
||